<?xml version="1.0" encoding="UTF-8"?><?xml-stylesheet type="text/xsl" href="static/style.xsl"?><OAI-PMH xmlns="http://www.openarchives.org/OAI/2.0/" xmlns:xsi="http://www.w3.org/2001/XMLSchema-instance" xsi:schemaLocation="http://www.openarchives.org/OAI/2.0/ http://www.openarchives.org/OAI/2.0/OAI-PMH.xsd"><responseDate>2026-04-17T02:35:41Z</responseDate><request verb="GetRecord" identifier="oai:www.recercat.cat:11351/12885" metadataPrefix="marc">https://recercat.cat/oai/request</request><GetRecord><record><header><identifier>oai:recercat.cat:11351/12885</identifier><datestamp>2025-05-03T03:20:28Z</datestamp><setSpec>com_2072_378070</setSpec><setSpec>com_2072_378040</setSpec><setSpec>col_2072_378092</setSpec></header><metadata><record xmlns="http://www.loc.gov/MARC21/slim" xmlns:dcterms="http://purl.org/dc/terms/" xmlns:xsi="http://www.w3.org/2001/XMLSchema-instance" xmlns:doc="http://www.lyncode.com/xoai" xsi:schemaLocation="http://www.loc.gov/MARC21/slim http://www.loc.gov/standards/marcxml/schema/MARC21slim.xsd">
   <leader>00925njm 22002777a 4500</leader>
   <datafield ind2=" " ind1=" " tag="042">
      <subfield code="a">dc</subfield>
   </datafield>
   <datafield ind2=" " ind1=" " tag="720">
      <subfield code="a">Secord, Angeles</subfield>
      <subfield code="e">author</subfield>
   </datafield>
   <datafield ind2=" " ind1=" " tag="720">
      <subfield code="a">Lewin, Sharyn</subfield>
      <subfield code="e">author</subfield>
   </datafield>
   <datafield ind2=" " ind1=" " tag="720">
      <subfield code="a">Murphy, Conleth</subfield>
      <subfield code="e">author</subfield>
   </datafield>
   <datafield ind2=" " ind1=" " tag="720">
      <subfield code="a">Barquin, Arantzazu</subfield>
      <subfield code="e">author</subfield>
   </datafield>
   <datafield ind2=" " ind1=" " tag="720">
      <subfield code="a">Gálvez Montosa, Fernando</subfield>
      <subfield code="e">author</subfield>
   </datafield>
   <datafield ind2=" " ind1=" " tag="720">
      <subfield code="a">Cecere, Sabrina Chiara</subfield>
      <subfield code="e">author</subfield>
   </datafield>
   <datafield ind2=" " ind1=" " tag="720">
      <subfield code="a">OAKNIN, ANA</subfield>
      <subfield code="e">author</subfield>
   </datafield>
   <datafield ind2=" " ind1=" " tag="260">
      <subfield code="c">2025-04-02T12:46:23Z</subfield>
   </datafield>
   <datafield ind2=" " ind1=" " tag="260">
      <subfield code="c">2025-04-02T12:46:23Z</subfield>
   </datafield>
   <datafield ind2=" " ind1=" " tag="260">
      <subfield code="c">2025-03</subfield>
   </datafield>
   <datafield ind2=" " ind1=" " tag="520">
      <subfield code="a">Antibody–drug conjugate; Folate receptor alpha; Platinum-sensitive ovarian cancer</subfield>
   </datafield>
   <datafield ind2=" " ind1=" " tag="520">
      <subfield code="a">Conjugado anticuerpo-fármaco; Receptor de folato alfa; Cáncer de ovario sensible al platino</subfield>
   </datafield>
   <datafield ind2=" " ind1=" " tag="520">
      <subfield code="a">Conjugat anticòs-fàrmac; Receptor de folat alfa; Càncer d'ovari sensible al platí</subfield>
   </datafield>
   <datafield ind2=" " ind1=" " tag="520">
      <subfield code="a">Background&#xd;
Mirvetuximab soravtansine-gynx (MIRV) is a first-in-class, folate receptor alpha (FRα)-targeting antibody–drug conjugate with United States Food and Drug Administration approval for FRα-positive platinum-resistant ovarian cancer. PICCOLO is a phase II, global, open-label, single-arm trial of MIRV as third-line or greater (≥3L) treatment in patients with FRα-positive (≥75% of cells with ≥2+ staining intensity) recurrent platinum-sensitive ovarian cancer (PSOC).&#xd;
Patients and methods&#xd;
Participants received MIRV (6 mg/kg adjusted ideal body weight every 3 weeks) until progressive disease (PD), unacceptable toxicity, withdrawal of consent, or death. Primary endpoint was investigator-assessed objective response rate (ORR). Key secondary endpoint was investigator-assessed duration of response (DOR). Additional endpoints included investigator-assessed progression-free survival (PFS), overall survival (OS), and safety. Analyses of subgroups by disease characteristics (e.g. platinum-free interval) and treatment history [e.g. prior bevacizumab and poly (adenosine diphosphate [ADP]-ribose) polymerase inhibitor (PARPi) treatment] were exploratory.&#xd;
Results&#xd;
Seventy-nine participants were enrolled and efficacy assessable. The primary endpoint was met; ORR was 51.9% [95% confidence interval (CI) 40.4% to 63.3%]. Median DOR was 8.25 months (95% CI 5.55-10.78 months) and median PFS was 6.93 months (95% CI 5.85-9.59 months). OS was not mature at data cut-off. ORR was 45.8% (95% CI 32.7% to 59.2%) in participants with PD while on/within 30 days of prior PARPi (n = 59) and 60.0% (95% CI 14.7% to 94.7%) in those without PD with prior PARPi (n = 5). No new safety signals occurred; most common treatment-emergent adverse events (TEAEs) were gastrointestinal, neurosensory, and resolvable ocular events. TEAEs led to discontinuation in 13 participants (16%) and death in 2 participants (3%).&#xd;
Conclusions&#xd;
MIRV as ≥3L treatment in heavily pretreated recurrent FRα-positive PSOC demonstrated notable efficacy and tolerable safety, including among those with prior PD on or within 30 days of PARPi (NCT05041257).</subfield>
   </datafield>
   <datafield ind2=" " ind1=" " tag="520">
      <subfield code="a">This work was supported by ImmunoGen, Inc. (no grant number). The sponsor designed, collected, analyzed, and interpreted the trial data in collaboration with the authors.</subfield>
   </datafield>
   <datafield ind1="8" ind2=" " tag="024">
      <subfield code="a">http://hdl.handle.net/11351/12885</subfield>
   </datafield>
   <datafield tag="653" ind2=" " ind1=" ">
      <subfield code="a">Avaluació de resultats (Assistència sanitària)</subfield>
   </datafield>
   <datafield tag="653" ind2=" " ind1=" ">
      <subfield code="a">Ovaris - Càncer - Tractament</subfield>
   </datafield>
   <datafield tag="653" ind2=" " ind1=" ">
      <subfield code="a">Anticossos monoclonals - Ús terapèutic</subfield>
   </datafield>
   <datafield tag="653" ind2=" " ind1=" ">
      <subfield code="a">ANALYTICAL, DIAGNOSTIC AND THERAPEUTIC TECHNIQUES, AND EQUIPMENT::Diagnosis::Prognosis::Treatment Outcome</subfield>
   </datafield>
   <datafield tag="653" ind2=" " ind1=" ">
      <subfield code="a">DISEASES::Neoplasms::Neoplasms by Site::Endocrine Gland Neoplasms::Ovarian Neoplasms</subfield>
   </datafield>
   <datafield tag="653" ind2=" " ind1=" ">
      <subfield code="a">Other subheadings::Other subheadings::Other subheadings::/drug therapy</subfield>
   </datafield>
   <datafield tag="653" ind2=" " ind1=" ">
      <subfield code="a">CHEMICALS AND DRUGS::Amino Acids, Peptides, and Proteins::Proteins::Blood Proteins::Serum Globulins::Immunoglobulins::Antibodies::Immunoconjugates</subfield>
   </datafield>
   <datafield tag="653" ind2=" " ind1=" ">
      <subfield code="a">Other subheadings::Other subheadings::/therapeutic use</subfield>
   </datafield>
   <datafield tag="653" ind2=" " ind1=" ">
      <subfield code="a">TÉCNICAS Y EQUIPOS ANALÍTICOS, DIAGNÓSTICOS Y TERAPÉUTICOS::diagnóstico::pronóstico::resultado del tratamiento</subfield>
   </datafield>
   <datafield tag="653" ind2=" " ind1=" ">
      <subfield code="a">ENFERMEDADES::neoplasias::neoplasias por localización::neoplasias de las glándulas endocrinas::neoplasias ováricas</subfield>
   </datafield>
   <datafield tag="653" ind2=" " ind1=" ">
      <subfield code="a">Otros calificadores::Otros calificadores::Otros calificadores::/farmacoterapia</subfield>
   </datafield>
   <datafield tag="653" ind2=" " ind1=" ">
      <subfield code="a">COMPUESTOS QUÍMICOS Y DROGAS::aminoácidos, péptidos y proteínas::proteínas::proteínas sanguíneas::globulinas séricas::inmunoglobulinas::anticuerpos::inmunoconjugados</subfield>
   </datafield>
   <datafield tag="653" ind2=" " ind1=" ">
      <subfield code="a">Otros calificadores::Otros calificadores::/uso terapéutico</subfield>
   </datafield>
   <datafield ind2="0" ind1="0" tag="245">
      <subfield code="a">The efficacy and safety of mirvetuximab soravtansine in FRα-positive, third-line and later, recurrent platinum-sensitive ovarian cancer: the single-arm phase II PICCOLO trial</subfield>
   </datafield>
</record></metadata></record></GetRecord></OAI-PMH>